Central Library OPAC University of Rajshahi

The biological code / (Record no. 11786)

MARC details
000 -LEADER
fixed length control field 00785cam a2200265 4500
001 - CONTROL NUMBER
control field 11786
003 - CONTROL NUMBER IDENTIFIER
rucl marc code BD-RjUL
005 - DATE AND TIME OF LATEST TRANSACTION
control field 20211208235201.0
008 - FIXED-LENGTH DATA ELEMENTS--GENERAL INFORMATION
fixed length control field 140127s1969 ne a b 001 0 eng
035 ## - SYSTEM CONTROL NUMBER
System control number (BD-RjUL)11835
040 ## - CATALOGING SOURCE
Original cataloging agency DLC
Transcribing agency DLC
Modifying agency BD-RjUL
Language of cataloging eng
041 ## - LANGUAGE CODE
Language code of text/sound track or separate title eng
082 00 - DEWEY DECIMAL CLASSIFICATION NUMBER
Classification number 575.1
Author mark and year YCB 1969
100 1# - MAIN ENTRY--PERSONAL NAME
Personal name Yčas, Martynas
Dates associated with a name 1917-
9 (RLIN) 36498
245 14 - TITLE STATEMENT
Title The biological code /
Statement of responsibility, etc. M. Yčas.
260 ## - PUBLICATION, DISTRIBUTION, ETC. (IMPRINT)
Place of publication, distribution, etc. Amsterdam ; London :
Name of publisher, distributor, etc. North-Holland Pub. Co.,
Date of publication, distribution, etc. c1969.
300 ## - PHYSICAL DESCRIPTION
Pagination xiii, 360 p. :
Size 24 cm.
Illustrations ill. ;
490 0# - SERIES STATEMENT
Series statement North-Holland research monographs.
504 ## - BIBLIOGRAPHY, ETC. NOTE
Bibliography, etc Include bibliography and index.
650 #0 - SUBJECT ADDED ENTRY--TOPICAL TERM
Topical term or geographic name as entry element Genetic code.
9 (RLIN) 36500
942 ## - ADDED ENTRY ELEMENTS (KOHA)
Source of classification or shelving scheme Dewey Decimal Classification
Koha item type Books
Holdings
Lost status Source of classification or shelving scheme Damaged status Not for loan Collection code Permanent Location Current Location Shelving location Date acquired Source of acquisition Cost, normal purchase price Total Checkouts Full call number Date last seen Copy number Koha item type
  Dewey Decimal Classification   Not For Loan Non-fiction Central Library, University of Rajshahi Central Library, University of Rajshahi Reading Room 24/02/1977 Ahamed book cen. 280.00   575.1 YCB 1969 27/01/2014 C-1 Books